000 01050nam a2200277 a 4500
001 000024827
005 20200930023407.0
008 110203s1997 mx a r 000 | spa d
020 _a9686849157
040 _aDO-SdBNP
_bspa
_cBNPHU
082 _a530.11
_bN834m
100 1 _aNoreña Villaríos, Francisco
_950947
245 1 3 _aLa manzana de Einstein /
_cFrancisco Noreñá Villaríos; ilustracción Juan Antonio Tonda Magallón.
260 _aMéxico, D.F. :
_bADN, Editores ,
_c1997.
300 _a134 p. :
_bil. ;
_c21 cm.
490 1 _aViaje al Centro de la Ciencia
_v8.
500 _aIncluye glosario de terminos: p. 125-134
650 4 _aRelatividad (física)
_931874
650 4 _aGravitación
_950948
650 4 _aFilosofía de la relatividad
_950949
650 4 _aMecánica relativista
_950950
700 1 _aTonda Magallón, Juan Antonio
_eil.
_950951
710 2 _aDirección General de Publicaciones del Consejo Nacional para la Cultura y las Artes.
_950952
830 0 _aViaje al Centro de la Ciencia;
_v8.
_948026
049 _aBNGR
999 _c24320
_d24320